000 00719cam a22002054a 4500
001 12555600
005 20250708125914.0
008 011004s2002 miu b 001 0 eng
020 _a0802839487
_qpbk. : alk. paper
020 _a9780802839480
_q(pbk. : alk. paper)
050 0 0 _aBS2398
_b.W58 2002
082 0 0 _a225
_221
100 1 _aWitherington, Ben,
_cIII,
_d1951-
245 1 4 _aThe shadow of the Almighty :
_bFather, Son, and Spirit in biblical perspective /
_cBen Witherington III & Laura M. Ice.
260 _aGrand Rapids, Mich. :
_bWilliam B. Eerdmans Pub.,
_cc2002.
300 _axii, 156 p. ;
_c23 cm.
650 0 _aTrinity
_xBiblical teaching.
700 1 _aIce, Laura Michaels,
_d1964-
942 _2lcc
_cBK
_n0
999 _c6864
_d6864